000 00483nam a22001811a 4500
001 1640
003 OSt
005 20260204211741.0
008 040120s1981||||dr ||||||b||||||||||spa||
050 _a343.076 R687d
082 _a343.076 R687d
100 _aRoque Roman, Euripides R.
245 _aDerecho agrario dominicano / Euripides R. Roque Roman
264 _aSanto Domingo : ONAP
300 _a313 p.
650 _a1.Derecho Agrario - Republica DominicanaÌ
942 _2ddc
_cBK
999 _c1640
_d1640